Normal view
MARC view
Entry Personal Name
001 - CONTROL NUMBER
- control field: 1165897
003 - CONTROL NUMBER IDENTIFIER
- control field: OSt
005 - DATE AND TIME OF LATEST TRANSACTION
- control field: 20260324122308.0
008 - FIXED-LENGTH DATA ELEMENTS
- fixed length control field: 260324|| aca||aabn | a|a d
040 ## - CATALOGING SOURCE
- Original cataloging agency: OSt
- Transcribing agency: OSt
100 ## - HEADING--PERSONAL NAME
- Personal name: Åge Mariussen; Seija Virkkala
670 ## - SOURCE DATA FOUND
- Source citation: Work cat.: (OSt)1758515: Åge Mariussen; Seija Virkkala, Learning Transnational Learning
